| 000 | 00403nam a22001457a 4500 | ||
|---|---|---|---|
| 005 | 20250707174635.0 | ||
| 008 | 250707b |||||||| |||| 00| 0 eng d | ||
| 020 | _a0800618025 | ||
| 050 |
_aBS2417 _bLOH |
||
| 100 | _aLOHFINK GERHARD | ||
| 245 |
_aJESUS AND COMMUNITY _bTHE SOCIAL DIMENSION OF CHRSTIAN FAITH |
||
| 260 |
_aPHILADELPHIA _bFORTRESS PRESS _cc1982 |
||
| 300 | _axii, 211p | ||
| 942 |
_2lcc _cBK _n0 |
||
| 999 |
_c6852 _d6852 |
||